Weak Solutions of Ordinary Differential Equations

Na minha lista:
Detalhes bibliográficos
Autor principal: Ligeza, Jan
Formato: Livro
Idioma:inglês
Publicado em: Katowice Uniwersytet Slaski 1986
Edição:1. wyd.
Tags: Adicionar Tag
Sem tags, seja o primeiro a adicionar uma tag!

MARC

LEADER 00000nam a2200000 4500
001 c040721
005 20221220073318.3
041 0 |a eng 
044 |a PL 
245 1 0 |a Weak Solutions of Ordinary Differential Equations  |c Jan Ligeza 
250 |a 1. wyd. 
264 1 |a Katowice  |b Uniwersytet Slaski  |c 1986 
300 |a 120 s. 
100 1 |a Ligeza, Jan